| 000 | 00892nam a22002897a 4500 | ||
|---|---|---|---|
| 003 | CHAP | ||
| 005 | 20220329135643.0 | ||
| 008 | 971013s1993 r 00010 d | ||
| 010 | _a40000 | ||
| 011 | _a40972 | ||
| 035 | _a45098 | ||
| 040 | _cCHAP | ||
| 082 |
_a574.501 _bS4 |
||
| 100 | 0 | 0 |
_aShrader-Frechette, K. S. _9105756 |
| 245 |
_aMethod in ecology _b: strategies for conservation |
||
| 260 |
_aLondon : _bCambridge University, _c1993 |
||
| 300 | _a328 p. | ||
| 590 |
_aBATCH-UPD _b10 _c20130110 _lUCH01 _h1417 |
||
| 590 |
_aBATCH-UPD _b10 _c20130410 _lUCH01 _h0901 |
||
| 590 |
_aBATCH-UPD _b10 _c20130914 _lUCH01 _h1227 |
||
| 590 |
_aCONVERSION _b10 _c20130109 _lUCH01 _h1322 |
||
| 650 | 1 | 4 |
_aEcologĂa _xFilosofĂa. _935144 |
| 700 | 0 |
_aMcCoy, E. D. _973434 |
|
| 901 | _aBK | ||
| 942 | _cLIBRO | ||
| 949 |
_a574.501 S4 _bBC _cLIBRO _d33724000003398 _eLIBRO _gI.176604 _h88299 _i45098 _si _t101.14 |
||
| 999 |
_c40000 _d40000 |
||